| 000 | 02936cam a22005414i 4500 | ||
|---|---|---|---|
| 003 | PE-LiUPU | ||
| 005 | 20250731173113.0 | ||
| 008 | 150706s2006 sp r 000 0 spa d | ||
| 020 | _a8430114041 | ||
| 035 | _a(Sirsi) i9788430114047 | ||
| 040 |
_aPE-LiUPU _bspa _cPE-LiUPU _erda |
||
| 049 | _aPRUA | ||
| 082 | 0 | 4 |
_a226.2 _bL982006 _221 |
| 100 | 1 |
_aLuz, Ulrich, _eautor. |
|
| 245 | 1 | 3 |
_aEl evangelio según San Mateo : _bMt. 8-17 / _cLuz Ulrich. |
| 250 | _a2a edición. | ||
| 264 | 1 |
_aSalamanca : _bEdiciones Sígueme, _c2006. |
|
| 300 |
_a699 páginas ; _c21 centímetros. |
||
| 336 |
_atext _2rdacontent |
||
| 337 |
_aunmediated _2rdamedia |
||
| 338 |
_avolume _2rdacarrier |
||
| 490 | 0 |
_aBiblioteca de Estudios Bíblicos ; _v103 |
|
| 504 | _aIncluye bibliografía. | ||
| 505 | 0 | _aMilagros de Jesús en Israel (8, 1-9,35) -- El discurso a los discípulos (9, 36-11,1) -- Transición: la crisis de Israel se agrava (11, 2-30) -- Jesús se retira de Israel (12, 1-16, 20) -- El conflicto de los fariseos (12, 1-50) -- El discurso en parábolas (13,1-53) -- El retiro de Jesús fuera de Israel y la génesis de la comunidad (13, 53-16,20) -- La acción de Jesús en la comunidad (16, 21-20,34) -- Experiencias de los discípulos en el camino de la pasión (16, 21-17,27) -- Excursus: El hijo de David en el evangelio de Mateo -- La interpretación mateana de las parábolas -- Pedro en el evangelio de Mateo -- El hijo del hombre en el evangelio de Mateo. | |
| 526 | _aSEG42 | ||
| 526 | _aSEG41 | ||
| 526 | _aSEG40 | ||
| 526 | _aSEG39 | ||
| 526 | _aP94 | ||
| 526 | _aP87 | ||
| 526 | _aP86 | ||
| 526 | _aP85 | ||
| 526 | _aP77 | ||
| 526 | _aP76 | ||
| 526 | _aP35 | ||
| 541 | _g006-0041988; | ||
| 630 |
_aBiblia. _pN.T. _pMateo _xComentarios. |
||
| 910 |
_agl _cjck _d20120319 |
||
| 942 |
_2ddc _cBOOK |
||
| 949 |
_a226.2 L58 2 _wDEWEY _c1 _i59236 _lCCODEBUL1 _mBUL _r0 _sY _tBOOK _u2015-6-24 _xTEOLOGIA _PP35 _0COMPRA _o.STAFF. Colección Teología |
||
| 949 |
_a226.2 L58 B _wDEWEY _c2 _i49546 _lCCODEBUL1 _mBUL _r0 _sY _tBOOK _u2015-6-24 _xTEOLOGIA _PP35 _0COMPRA _o.STAFF. Colección Teología |
||
| 949 |
_a226.2 L98 2 2006 _wDEWEY _c1 _i64454 _d2016-5-13 _e2016-5-10 _lCCODEBUL1 _mBUL _n4 _p66.00 _r0 _sY _tBOOK _u2015-7-6 _xTEOLOGIA _PP35 _0COMPRA _o.STAFF. Colección Teología |
||
| 994 |
_aC0 _bPEPRU |
||
| 596 | _a1 | ||
| 999 |
_a226.2 L58 2 _wDEWEY _c30729 _i59236 _d30729 _e2018-1-26 _f2021-11-9 _g5 _lCCODEBUL1 _mBUL _n1 _p68.00 _q1 _r0 _sY _tBOOK _u2015-6-24 _xTEOLOGIA _PP35 _0COMPRA _o.STAFF. Colección Teología |
||
| 999 |
_a226.2 L58 B _wDEWEY _c2 _i49546 _f2021-11-9 _g5 _lCCODEBUL1 _mBUL _r0 _sY _tBOOK _u2015-6-24 _xTEOLOGIA _PP35 _0COMPRA _o.STAFF. Colección General |
||
| 999 |
_a226.2 L98 2 2006 _wDEWEY _c1 _i64454 _d2018-8-28 _e2018-8-21 _f2021-11-9 _g5 _lCCODEBUL1 _mBUL _n5 _p66.00 _q3 _r0 _sY _tBOOK _u2015-7-6 _xTEOLOGIA _PP35 _0COMPRA _o.STAFF. Colección Teología |
||
| 980 |
_81 _gALBERTO SANCHEZ Responsable de Automatización |
||